[Event "World Chess Olympiad 2018"]
[Site "Batumi"]
[Date "2018.09.30"]
[Round "6"]
[Board "1"]
[WhiteFideId "21200149"]
[White "Ephoevi-Ga Adama Mawulikplimi"]
[BlackFideId "10002324"]
[Black "Njau Albert"]
[Result "0-1"]
[LiveChessVersion "1.4.8"]
[BlackElo "1716"]
[WhiteElo "1848"]

1. Nf3 {[%clk 1:30:53]} Nf6 {[%clk 1:30:39]} 2. c4 {[%clk 1:30:24]} g6
{[%clk 1:30:38]} 3. g3 {[%clk 1:28:49]} Bg7 {[%clk 1:30:31]} 4. Bg2
{[%clk 1:28:29]} d6 {[%clk 1:30:14]} 5. d4 {[%clk 1:27:19]} O-O {[%clk 1:29:52]}
6. Nc3 {[%clk 1:25:31]} Nc6 {[%clk 1:26:25]} 7. d5 {[%clk 1:19:32]} Na5
{[%clk 1:24:45]} 8. Qd3 {[%clk 1:16:25]} c6 {[%clk 1:22:27]} 9. e4
{[%clk 1:10:00]} Bd7 {[%clk 1:12:30]} 10. Bg5 {[%clk 1:02:31]} cxd5
{[%clk 1:07:38]} 11. cxd5 {[%clk 1:00:49]} Rc8 {[%clk 1:07:22]} 12. O-O
{[%clk 0:59:26]} h6 {[%clk 0:59:14]} 13. Bxf6 {[%clk 0:53:31]} Bxf6
{[%clk 0:59:15]} 14. Rac1 {[%clk 0:50:25]} Qb6 {[%clk 0:54:18]} 15. Qb1
{[%clk 0:39:01]} Rc7 {[%clk 0:49:39]} 16. Rfe1 {[%clk 0:29:49]} Nc4
{[%clk 0:42:46]} 17. b3 {[%clk 0:26:33]} Nd2 {[%clk 0:38:09]} 18. Nxd2
{[%clk 0:26:20]} Rxc3 {[%clk 0:30:58]} 19. Nc4 {[%clk 0:25:17]} Qb4
{[%clk 0:29:43]} 20. e5 {[%clk 0:20:39]} dxe5 {[%clk 0:22:24]} 21. Rxc3
{[%clk 0:16:46]} Qxc3 {[%clk 0:20:35]} 22. d6 {[%clk 0:16:07]} b5
{[%clk 0:18:41]} 23. dxe7 {[%clk 0:14:25]} Re8 {[%clk 0:17:51]} 24. Nd6
{[%clk 0:13:44]} Rxe7 {[%clk 0:17:08]} 25. Ne4 {[%clk 0:11:45]} Qc6
{[%clk 0:16:39]} 26. Rc1 {[%clk 0:11:59]} Qb6 {[%clk 0:16:03]} 27. b4
{[%clk 0:10:58]} Kg7 {[%clk 0:14:10]} 28. Nc5 {[%clk 0:10:19]} Bf5
{[%clk 0:12:31]} 29. Qb3 {[%clk 0:10:14]} e4 {[%clk 0:12:06]} 30. g4
{[%clk 0:08:02]} Bxg4 {[%clk 0:11:16]} 31. Bxe4 {[%clk 0:07:56]} Qd6
{[%clk 0:10:37]} 32. Qd3 {[%clk 0:06:40]} Qf4 {[%clk 0:08:50]} 33. Qe3
{[%clk 0:05:17]} Qe5 {[%clk 0:07:48]} 34. Qg3 {[%clk 0:04:40]} Qh5
{[%clk 0:06:34]} 35. f3 {[%clk 0:04:09]} Bd4+ {[%clk 0:05:19]} 36. Kg2
{[%clk 0:03:59]} Bc8 {[%clk 0:03:52]} 37. Nd3 {[%clk 0:03:45]} Be6
{[%clk 0:01:17]} 38. Nf4 {[%clk 0:03:47]} Qe5 {[%clk 0:00:52]} 39. Nxg6
{[%clk 0:02:27]} Qxg3+ 40. hxg3 {[%clk 0:32:13]} fxg6 {[%clk 0:31:02]} 41. Rc6
{[%clk 0:31:06]} g5 {[%clk 0:30:43]} 42. Kf1 {[%clk 0:30:17]} Be5
{[%clk 0:29:56]} 43. g4 {[%clk 0:30:31]} Bf4 {[%clk 0:27:20]} 44. Rc5
{[%clk 0:30:39]} Bc4+ {[%clk 0:27:30]} 45. Kf2 {[%clk 0:30:41]} Rc7
{[%clk 0:27:20]} 46. Rf5 {[%clk 0:28:54]} a6 {[%clk 0:27:20]} 47. Ke1
{[%clk 0:28:07]} Bxa2 {[%clk 0:25:57]} 48. Kd1 {[%clk 0:27:36]} Be6
{[%clk 0:25:07]} 49. Rc5 {[%clk 0:27:03]} Rxc5 {[%clk 0:24:49]} 50. bxc5
{[%clk 0:27:31]} a5 {[%clk 0:24:35]} 51. Kc2 {[%clk 0:27:41]} a4 {[%clk 0:24:31]}
52. Kb2 {[%clk 0:26:01]} b4 {[%clk 0:24:18]} 0-1

[Event "World Chess Olympiad 2018"]
[Site "Batumi"]
[Date "2018.09.30"]
[Round "6"]
[Board "2"]
[WhiteFideId "10002251"]
[White "Mlawa Hemed"]
[BlackFideId "21200017"]
[Black "Amewounou Komlan Kouessan"]
[Result "1-0"]
[LiveChessVersion "1.4.8"]
[BlackElo "1758"]
[WhiteElo "1828"]

1. d4 {[%clk 1:30:50]} Nf6 {[%clk 1:30:52]} 2. Bf4 {[%clk 1:31:12]} d6
{[%clk 1:29:29]} 3. e3 {[%clk 1:31:29]} g6 {[%clk 1:29:23]} 4. Nf3
{[%clk 1:31:27]} Bg7 {[%clk 1:28:54]} 5. Be2 {[%clk 1:31:46]} Nbd7
{[%clk 1:27:41]} 6. h3 {[%clk 1:32:07]} a6 {[%clk 1:27:29]} 7. O-O
{[%clk 1:32:15]} O-O {[%clk 1:27:46]} 8. c4 {[%clk 1:32:41]} Nh5 {[%clk 1:27:12]}
9. Bh2 {[%clk 1:33:00]} e5 {[%clk 1:27:21]} 10. Nc3 {[%clk 1:32:58]} Kh8
{[%clk 1:24:43]} 11. Ne1 {[%clk 1:20:05]} Nhf6 {[%clk 1:22:59]} 12. Nc2
{[%clk 1:20:14]} Ne8 {[%clk 1:21:01]} 13. b4 {[%clk 1:16:02]} c5 {[%clk 1:17:05]}
14. bxc5 {[%clk 1:09:42]} dxc5 {[%clk 1:17:06]} 15. d5 {[%clk 1:10:07]} e4
{[%clk 1:16:03]} 16. Qd2 {[%clk 1:09:38]} Qa5 {[%clk 1:16:17]} 17. Nxe4
{[%clk 1:09:04]} Qxd2 {[%clk 1:16:29]} 18. Nxd2 {[%clk 1:09:29]} Bxa1
{[%clk 1:16:47]} 19. Rxa1 {[%clk 1:09:51]} f5 {[%clk 1:05:27]} 20. a4
{[%clk 0:56:19]} Kg7 {[%clk 1:03:47]} 21. Ne1 {[%clk 0:56:36]} Rf6
{[%clk 0:58:28]} 22. Nd3 {[%clk 0:54:07]} b5 {[%clk 0:54:57]} 23. axb5
{[%clk 0:54:24]} Bb7 {[%clk 0:55:11]} 24. Ne5 {[%clk 0:54:24]} Rd6
{[%clk 0:51:54]} 25. Nxd7 {[%clk 0:49:34]} Rxd7 {[%clk 0:52:20]} 26. b6
{[%clk 0:49:59]} Bc8 {[%clk 0:38:06]} 27. Bf3 {[%clk 0:47:02]} Nd6
{[%clk 0:37:25]} 28. Ra5 {[%clk 0:45:55]} Nb7 {[%clk 0:26:21]} 29. Ra1 a5 30. Bc7
{[%clk 0:40:06]} Nd6 {[%clk 0:25:16]} 31. Nb3 {[%clk 0:38:57]} Rxc7
{[%clk 0:13:21]} 32. bxc7 {[%clk 0:39:12]} Nxc4 {[%clk 0:13:37]} 33. d6
{[%clk 0:37:39]} Ra7 {[%clk 0:13:35]} 34. Rd1 {[%clk 0:37:37]} a4
{[%clk 0:12:59]} 35. Nxc5 {[%clk 0:38:04]} Ne5 {[%clk 0:11:42]} 36. d7
{[%clk 0:37:56]} Nxd7 {[%clk 0:07:39]} 37. Nxd7 {[%clk 0:38:00]} Rxc7
{[%clk 0:07:52]} 38. Nb6 {[%clk 0:38:06]} Be6 {[%clk 0:04:59]} 39. Nxa4
{[%clk 0:38:19]} Bb3 {[%clk 0:05:09]} 40. Rd4 {[%clk 0:37:37]} Rc1+
{[%clk 0:01:40]} 41. Kh2 {[%clk 1:07:57]} Bxa4 {[%clk 0:31:40]} 42. Rxa4
{[%clk 1:08:16]} Rc7 {[%clk 0:30:58]} 43. Ra6 {[%clk 1:08:34]} Re7
{[%clk 0:29:54]} 44. Kg3 {[%clk 1:08:48]} h6 {[%clk 0:26:57]} 45. Rb6
{[%clk 1:08:59]} Kh7 {[%clk 0:24:21]} 46. h4 {[%clk 1:09:03]} Kg7
{[%clk 0:24:07]} 47. Kf4 {[%clk 1:09:19]} Ra7 {[%clk 0:19:26]} 48. Rb7+
{[%clk 1:09:20]} Rxb7 {[%clk 0:19:52]} 49. Bxb7 {[%clk 1:09:28]} Kf6
{[%clk 0:20:14]} 50. g4 {[%clk 1:09:27]} g5+ {[%clk 0:19:11]} 51. hxg5+
{[%clk 1:09:47]} hxg5+ {[%clk 0:19:33]} 52. Kg3 {[%clk 1:10:10]} Ke5
{[%clk 0:16:55]} 53. gxf5 {[%clk 1:10:25]} Kxf5 {[%clk 0:16:58]} 54. e4+
{[%clk 1:10:47]} 1-0

[Event "World Chess Olympiad 2018"]
[Site "Batumi"]
[Date "2018.09.30"]
[Round "6"]
[Board "3"]
[WhiteFideId "21200025"]
[White "Botsoe Koffi"]
[BlackFideId "10001670"]
[Black "Hassuji Nurdin"]
[Result "0-1"]
[LiveChessVersion "1.4.8"]
[BlackElo "1766"]
[WhiteElo "1680"]

1. e4 {[%clk 1:30:50]} e5 {[%clk 1:30:38]} 2. Nf3 {[%clk 1:31:14]} Nc6
{[%clk 1:31:01]} 3. Bc4 {[%clk 1:30:54]} Bc5 {[%clk 1:31:16]} 4. b4
{[%clk 1:26:15]} Bxb4 {[%clk 1:28:58]} 5. c3 {[%clk 1:26:38]} Ba5
{[%clk 1:29:26]} 6. d4 {[%clk 1:26:55]} exd4 {[%clk 1:28:52]} 7. O-O
{[%clk 1:27:13]} Nge7 {[%clk 1:19:03]} 8. cxd4 {[%clk 1:27:14]} d5
{[%clk 1:17:04]} 9. exd5 {[%clk 1:22:44]} Nxd5 {[%clk 1:17:28]} 10. Qb3
{[%clk 1:23:08]} Nce7 {[%clk 1:15:16]} 11. Qb5+ {[%clk 1:22:49]} c6
{[%clk 1:14:40]} 12. Qb3 {[%clk 1:19:51]} O-O {[%clk 1:14:21]} 13. Ba3
{[%clk 1:17:22]} Re8 {[%clk 1:12:14]} 14. Nbd2 {[%clk 1:13:47]} Nf5
{[%clk 1:10:17]} 15. Bb2 {[%clk 1:13:45]} Be6 {[%clk 1:08:01]} 16. Ne4
{[%clk 1:10:32]} b5 {[%clk 1:06:27]} 17. Be2 {[%clk 1:01:48]} Nde3
{[%clk 1:03:33]} 18. Qd3 {[%clk 1:02:03]} Bc4 {[%clk 0:56:25]} 19. Qb1
{[%clk 1:00:51]} Bxe2 {[%clk 0:55:08]} 20. fxe3 {[%clk 0:54:53]} Bxf1
{[%clk 0:55:15]} 21. Kxf1 {[%clk 0:54:57]} Nxe3+ {[%clk 0:55:23]} 22. Kf2
{[%clk 0:55:20]} Nc4 {[%clk 0:54:59]} 23. Bc1 {[%clk 0:54:28]} Qe7
{[%clk 0:51:32]} 24. Ng3 {[%clk 0:54:26]} Bc3 {[%clk 0:50:04]} 25. a4
{[%clk 0:51:32]} Bxa1 {[%clk 0:49:04]} 26. Qxa1 {[%clk 0:51:58]} Nd6
{[%clk 0:45:18]} 27. axb5 {[%clk 0:51:17]} cxb5 {[%clk 0:45:04]} 28. Qa6
{[%clk 0:51:13]} Qf6 {[%clk 0:40:38]} 29. Kg1 {[%clk 0:48:21]} Ne4
{[%clk 0:35:08]} 30. Qxb5 {[%clk 0:48:20]} Nxg3 {[%clk 0:35:08]} 31. hxg3
{[%clk 0:48:44]} Reb8 {[%clk 0:32:34]} 32. Qd3 {[%clk 0:48:23]} Qg6
{[%clk 0:30:47]} 33. Qxg6 {[%clk 0:43:29]} hxg6 {[%clk 0:30:27]} 34. Bf4
{[%clk 0:43:54]} Rb1+ {[%clk 0:30:17]} 35. Kh2 Rd1 36. Bd6 {[%clk 0:42:56]} a5
{[%clk 0:29:51]} 37. Bc5 {[%clk 0:43:16]} a4 {[%clk 0:30:06]} 38. Ba3
{[%clk 0:42:23]} Rd3 {[%clk 0:30:19]} 39. Bc5 {[%clk 0:42:42]} a3
{[%clk 0:30:20]} 40. Ne5 {[%clk 0:43:11]} Rd2 0-1

[Event "World Chess Olympiad 2018"]
[Site "Batumi"]
[Date "2018.09.30"]
[Round "6"]
[Board "4"]
[WhiteFideId "21600546"]
[White "Taher Hassuji"]
[BlackFideId "21200742"]
[Black "Kolani-Banake Sopague"]
[Result "0-1"]
[LiveChessVersion "1.4.8"]
[BlackElo "1635"]
[WhiteElo "1553"]

1. d4 {[%clk 1:30:53]} d5 {[%clk 1:30:53]} 2. Bf4 {[%clk 1:31:08]} Nf6
{[%clk 1:29:26]} 3. e3 {[%clk 1:31:32]} Bf5 {[%clk 1:25:59]} 4. Nf3
{[%clk 1:30:05]} Nbd7 {[%clk 1:24:38]} 5. Bd3 {[%clk 1:29:36]} Bxd3
{[%clk 1:22:19]} 6. Qxd3 {[%clk 1:29:37]} e6 {[%clk 1:20:42]} 7. c3
{[%clk 1:29:39]} Be7 {[%clk 1:20:29]} 8. Nbd2 {[%clk 1:29:47]} O-O
{[%clk 1:19:34]} 9. Ne5 {[%clk 1:28:40]} c5 {[%clk 1:17:12]} 10. Ndf3
{[%clk 1:26:48]} Rc8 {[%clk 1:14:14]} 11. O-O {[%clk 1:25:28]} c4
{[%clk 1:09:56]} 12. Qc2 {[%clk 1:25:10]} b5 {[%clk 1:10:10]} 13. a4
{[%clk 1:18:25]} b4 {[%clk 1:10:06]} 14. Qd2 {[%clk 1:09:52]} Ne4
{[%clk 1:06:17]} 15. Qc2 {[%clk 1:07:45]} b3 {[%clk 1:06:08]} 16. Qe2
{[%clk 1:06:13]} f6 {[%clk 0:59:35]} 17. Nxd7 Qxd7 18. Nd2 {[%clk 0:58:08]} Nxd2
{[%clk 0:55:43]} 19. Qxd2 {[%clk 0:58:01]} Rce8 {[%clk 0:49:19]} 20. Rfe1
{[%clk 0:56:03]} Bd8 {[%clk 0:41:46]} 21. e4 {[%clk 0:55:19]} e5 {[%clk 0:41:33]}
22. Bg3 {[%clk 0:48:44]} dxe4 {[%clk 0:37:14]} 23. Rxe4 {[%clk 0:48:24]} Bc7
{[%clk 0:35:16]} 24. d5 {[%clk 0:43:00]} Rd8 {[%clk 0:31:11]} 25. Rxc4 Bd6
{[%clk 0:25:26]} 26. Re1 {[%clk 0:36:56]} Rfe8 {[%clk 0:22:41]} 27. f3
{[%clk 0:32:04]} Qb7 {[%clk 0:21:45]} 28. Bf2 {[%clk 0:30:16]} Qa6
{[%clk 0:20:23]} 29. Rg4 {[%clk 0:25:42]} f5 {[%clk 0:18:44]} 30. Rg5
{[%clk 0:23:44]} g6 {[%clk 0:17:47]} 31. h4 {[%clk 0:19:29]} Be7 {[%clk 0:13:07]}
32. Rg3 {[%clk 0:12:50]} Bxh4 {[%clk 0:12:58]} 33. Rh3 {[%clk 0:11:48]} Bxf2+
{[%clk 0:13:12]} 34. Qxf2 {[%clk 0:12:08]} Qxa4 {[%clk 0:11:06]} 35. Qc5
{[%clk 0:10:06]} Qd7 {[%clk 0:09:51]} 36. Ra1 {[%clk 0:07:11]} Ra8
{[%clk 0:09:24]} 37. Ra6 {[%clk 0:06:03]} Rec8 {[%clk 0:09:18]} 38. Qd6
{[%clk 0:04:51]} Qxd6 {[%clk 0:08:15]} 39. Rxd6 {[%clk 0:05:20]} Rd8
{[%clk 0:08:40]} 40. Rxd8+ Rxd8 41. c4 {[%clk 0:35:29]} a5 {[%clk 0:39:04]} 42.
f4 {[%clk 0:27:54]} exf4 {[%clk 0:39:19]} 43. Rxb3 Rc8 44. d6 {[%clk 0:24:00]}
Kf7 {[%clk 0:39:03]} 45. d7 {[%clk 0:21:15]} Rd8 {[%clk 0:39:31]} 46. c5
{[%clk 0:21:44]} Rxd7 {[%clk 0:39:44]} 47. c6 {[%clk 0:20:29]} Rd1+
{[%clk 0:40:00]} 48. Kf2 {[%clk 0:20:21]} Rc1 {[%clk 0:40:28]} 49. Rb7+
{[%clk 0:19:27]} Ke6 {[%clk 0:40:18]} 50. Rxh7 {[%clk 0:11:40]} Rxc6
{[%clk 0:40:33]} 51. Kf3 {[%clk 0:11:23]} Rb6 {[%clk 0:39:33]} 52. Ra7
{[%clk 0:08:30]} Rxb2 {[%clk 0:39:21]} 53. Rxa5 {[%clk 0:08:56]} Kf6
{[%clk 0:39:27]} 54. Kxf4 {[%clk 0:03:45]} Rxg2 {[%clk 0:38:56]} 55. Ra6+
{[%clk 0:04:10]} Kg7 {[%clk 0:39:05]} 56. Ra7+ {[%clk 0:04:28]} Kh6
{[%clk 0:38:43]} 57. Ra6 {[%clk 0:04:07]} Rg4+ {[%clk 0:38:27]} 58. Kf3
{[%clk 0:04:32]} Kg5 {[%clk 0:38:41]} 59. Ra5 Kh4 60. Ra1 {[%clk 0:02:44]} Rg3+
{[%clk 0:39:08]} 61. Kf4 {[%clk 0:03:12]} Rg4+ {[%clk 0:38:28]} 62. Kf3
{[%clk 0:03:39]} Kg5 {[%clk 0:38:55]} 63. Ra5 {[%clk 0:03:41]} Re4
{[%clk 0:38:12]} 64. Rb5 {[%clk 0:03:56]} Kf6 {[%clk 0:38:36]} 65. Rb6+
{[%clk 0:03:13]} Re6 {[%clk 0:39:05]} 66. Rb4 {[%clk 0:02:31]} g5
{[%clk 0:39:09]} 67. Kg3 {[%clk 0:01:58]} Re3+ {[%clk 0:38:52]} 68. Kf2
{[%clk 0:02:19]} f4 {[%clk 0:39:11]} 69. Rb6+ {[%clk 0:02:25]} Kf5
{[%clk 0:39:27]} 70. Rb5+ {[%clk 0:02:31]} Re5 {[%clk 0:39:34]} 71. Rb4
{[%clk 0:02:10]} g4 {[%clk 0:39:57]} 72. Rb8 {[%clk 0:02:15]} g3+
{[%clk 0:39:22]} 73. Kf3 {[%clk 0:02:24]} Re6 {[%clk 0:39:25]} 74. Rf8+
{[%clk 0:02:34]} Rf6 {[%clk 0:39:29]} 75. Ra8 {[%clk 0:02:36]} Kg6
{[%clk 0:39:34]} 76. Rg8+ {[%clk 0:02:21]} Kh7 {[%clk 0:39:23]} 77. Ra8
{[%clk 0:02:11]} Rf7 {[%clk 0:39:05]} 78. Ra5 {[%clk 0:02:29]} Kg6
{[%clk 0:37:32]} 0-1

[Event "World Chess Olympiad 2018"]
[Site "Batumi"]
[Date "2018.09.30"]
[Round "6"]
[Board "1"]
[WhiteFideId "15400263"]
[White "Wong Kai Meng"]
[BlackFideId "19900023"]
[Black "Aw Ousmane"]
[Result "1/2-1/2"]
[LiveChessVersion "1.4.8"]
[BlackElo "1880"]
[WhiteElo "1661"]

1. d4 {[%clk 1:30:50]} Nf6 {[%clk 1:30:52]} 2. Nf3 {[%clk 1:31:12]} g6
{[%clk 1:31:12]} 3. b3 {[%clk 1:31:26]} Bg7 {[%clk 1:31:35]} 4. Bb2
{[%clk 1:31:47]} d5 {[%clk 1:31:04]} 5. e3 {[%clk 1:31:42]} O-O {[%clk 1:31:00]}
6. Be2 {[%clk 1:31:29]} b6 {[%clk 1:28:01]} 7. O-O {[%clk 1:31:09]} Bb7
{[%clk 1:28:13]} 8. Nbd2 {[%clk 1:30:32]} Nbd7 {[%clk 1:25:34]} 9. c4
{[%clk 1:29:52]} c5 {[%clk 1:25:43]} 10. Rc1 {[%clk 1:23:35]} Re8
{[%clk 1:21:31]} 11. Re1 {[%clk 1:18:38]} Rc8 {[%clk 1:13:22]} 12. Bd3
{[%clk 1:08:00]} e6 {[%clk 1:09:39]} 13. Qe2 {[%clk 1:01:21]} Ne4
{[%clk 1:07:33]} 14. Red1 {[%clk 0:49:06]} Qe7 {[%clk 0:53:36]} 15. cxd5
{[%clk 0:28:45]} exd5 {[%clk 0:53:36]} 16. Bb5 {[%clk 0:28:35]} a6
{[%clk 0:50:05]} 17. Bxd7 {[%clk 0:28:17]} Qxd7 {[%clk 0:50:13]} 18. Ne5
{[%clk 0:28:16]} Qe6 {[%clk 0:47:25]} 19. Nxe4 {[%clk 0:22:19]} dxe4
{[%clk 0:47:33]} 20. Nc4 {[%clk 0:22:29]} Bd5 {[%clk 0:39:38]} 21. dxc5
{[%clk 0:16:43]} Bxc4 {[%clk 0:39:36]} 22. Rxc4 {[%clk 0:16:40]} Bxb2
{[%clk 0:36:44]} 23. Qxb2 {[%clk 0:16:52]} Rxc5 {[%clk 0:36:40]} 24. Rxc5
{[%clk 0:14:20]} bxc5 {[%clk 0:37:01]} 25. Qc3 {[%clk 0:14:09]} Rc8
{[%clk 0:32:48]} 26. Kf1 {[%clk 0:13:13]} Qc6 {[%clk 0:29:03]} 27. Rc1
{[%clk 0:13:08]} Qd5 {[%clk 0:27:09]} 28. Qc4 {[%clk 0:09:57]} Rd8
{[%clk 0:23:13]} 29. Qxd5 {[%clk 0:07:12]} Rxd5 {[%clk 0:23:34]} 30. Rc4
{[%clk 0:07:28]} f5 {[%clk 0:22:57]} 31. Ra4 {[%clk 0:07:47]} Rd6
{[%clk 0:22:53]} 32. f3 {[%clk 0:07:56]} exf3 {[%clk 0:21:28]} 33. gxf3
{[%clk 0:08:15]} Kg7 {[%clk 0:21:53]} 34. Ra5 {[%clk 0:08:32]} Rc6
{[%clk 0:21:29]} 35. Ke2 {[%clk 0:05:34]} Kf6 {[%clk 0:17:17]} 36. Kd3
{[%clk 0:05:34]} Ke6 {[%clk 0:16:44]} 37. Kc4 {[%clk 0:05:52]} Kd6
{[%clk 0:12:45]} 38. e4 {[%clk 0:06:11]} fxe4 {[%clk 0:12:32]} 39. fxe4
{[%clk 0:06:34]} g5 {[%clk 0:12:21]} 40. e5+ {[%clk 0:36:50]} Kxe5
{[%clk 0:42:49]} 41. Rxc5+ {[%clk 0:37:00]} Rxc5+ {[%clk 0:42:26]} 42. Kxc5
{[%clk 0:37:24]} Ke4 {[%clk 0:42:37]} 43. a4 {[%clk 0:37:35]} h5 {[%clk 0:43:03]}
44. b4 {[%clk 0:37:55]} g4 {[%clk 0:43:18]} 45. b5 {[%clk 0:38:12]} axb5 46. axb5
{[%clk 0:38:33]} h4 {[%clk 0:43:16]} 47. b6 {[%clk 0:38:49]} g3 {[%clk 0:43:45]}
48. hxg3 {[%clk 0:38:46]} hxg3 {[%clk 0:44:13]} 49. b7 {[%clk 0:39:05]} g2
{[%clk 0:44:41]} 50. b8=Q {[%clk 0:39:07]} g1=Q+ {[%clk 0:44:23]} 51. Kc6
{[%clk 0:38:33]} Qg3 {[%clk 0:44:28]} 52. Kb7 {[%clk 0:38:38]} 1/2-1/2

[Event "World Chess Olympiad 2018"]
[Site "Batumi"]
[Date "2018.09.30"]
[Round "6"]
[Board "2"]
[WhiteFideId "19900058"]
[White "Gueye Elhadji Gorgui"]
[BlackFideId "15400344"]
[Black "Ieong Seak Hin"]
[Result "0-1"]
[LiveChessVersion "1.4.8"]
[BlackElo "1825"]
[WhiteElo "2026"]

1. d4 {[%clk 1:30:56]} Nf6 {[%clk 1:30:55]} 2. Nf3 {[%clk 1:31:18]} g6
{[%clk 1:31:20]} 3. c4 {[%clk 1:31:24]} Bg7 {[%clk 1:31:41]} 4. Nc3
{[%clk 1:31:48]} d6 {[%clk 1:32:08]} 5. e3 {[%clk 1:31:43]} O-O {[%clk 1:32:32]}
6. Be2 {[%clk 1:32:10]} Nc6 {[%clk 1:31:05]} 7. O-O {[%clk 1:31:59]} e5
{[%clk 1:31:29]} 8. d5 {[%clk 1:24:13]} Ne7 {[%clk 1:31:03]} 9. e4
{[%clk 1:24:06]} Ne8 {[%clk 1:31:05]} 10. b3 {[%clk 1:21:45]} f5 {[%clk 1:31:26]}
11. Nd2 {[%clk 1:21:17]} Nf6 {[%clk 1:27:07]} 12. Bb2 {[%clk 1:19:29]} f4
{[%clk 1:24:02]} 13. b4 {[%clk 1:15:20]} g5 {[%clk 1:22:53]} 14. f3
{[%clk 1:15:36]} Ng6 {[%clk 1:22:24]} 15. Qb3 {[%clk 1:12:39]} g4
{[%clk 1:22:35]} 16. c5 {[%clk 1:12:33]} gxf3 {[%clk 1:10:59]} 17. Bxf3
{[%clk 1:11:47]} Ng4 {[%clk 1:10:23]} 18. Nd1 {[%clk 1:04:21]} Qg5
{[%clk 1:06:41]} 19. Bxg4 {[%clk 0:22:50]} Bxg4 {[%clk 1:06:22]} 20. Nf3
{[%clk 0:22:54]} Qh5 {[%clk 0:54:59]} 21. Nf2 {[%clk 0:21:32]} Bc8
{[%clk 0:54:19]} 22. Rac1 {[%clk 0:20:42]} Bh6 {[%clk 0:49:37]} 23. cxd6
{[%clk 0:20:17]} cxd6 {[%clk 0:50:01]} 24. Rc7 {[%clk 0:19:54]} Kh8
{[%clk 0:50:01]} 25. Rfc1 {[%clk 0:18:10]} Rg8 {[%clk 0:49:22]} 26. Kf1
{[%clk 0:17:25]} Nh4 {[%clk 0:49:33]} 27. Nxh4 {[%clk 0:06:27]} Qxh4
{[%clk 0:49:58]} 28. Rf7 {[%clk 0:06:16]} f3 {[%clk 0:49:57]} 29. Rxf3
{[%clk 0:03:13]} Bxc1 {[%clk 0:50:22]} 30. Bxc1 {[%clk 0:03:17]} Qxh2
{[%clk 0:50:23]} 31. g3 {[%clk 0:02:33]} Bh3+ {[%clk 0:50:27]} 32. Ke1
{[%clk 0:00:58]} Qg1+ {[%clk 0:50:32]} 33. Kd2 {[%clk 0:01:06]} Bg4
{[%clk 0:45:42]} 34. Rf7 {[%clk 0:00:32]} Bh5 {[%clk 0:45:16]} 35. Rf5
{[%clk 0:00:32]} Rxg3 {[%clk 0:45:20]} 0-1

[Event "World Chess Olympiad 2018"]
[Site "Batumi"]
[Date "2018.09.30"]
[Round "6"]
[Board "1"]
[WhiteFideId "16100360"]
[White "Islam Sh.Nour Kassim"]
[BlackFideId "6800068"]
[Black "McTigue James"]
[Result "1-0"]
[LiveChessVersion "1.4.8"]
[BlackElo "2116"]
[WhiteElo "1995"]

1. d4 {[%clk 1:30:56]} e6 {[%clk 1:30:50]} 2. c4 {[%clk 1:31:05]} f5
{[%clk 1:31:04]} 3. Nc3 {[%clk 1:31:16]} Nf6 {[%clk 1:31:27]} 4. Nf3
{[%clk 1:30:48]} Be7 {[%clk 1:26:50]} 5. Bf4 {[%clk 1:30:34]} Ne4
{[%clk 1:19:32]} 6. Qb3 {[%clk 1:29:22]} Nxc3 {[%clk 1:17:31]} 7. Qxc3
{[%clk 1:28:10]} d6 {[%clk 1:16:31]} 8. h4 {[%clk 1:25:48]} a5 {[%clk 1:11:25]}
9. a3 {[%clk 1:24:51]} Bf6 {[%clk 1:10:55]} 10. e3 {[%clk 1:23:40]} O-O
{[%clk 1:09:32]} 11. Bd3 {[%clk 1:18:44]} Nd7 {[%clk 1:05:48]} 12. e4
{[%clk 1:11:41]} Nc5 {[%clk 1:05:33]} 13. Qc2 {[%clk 1:10:59]} Nxd3+
{[%clk 0:56:07]} 14. Qxd3 {[%clk 1:11:12]} fxe4 {[%clk 0:53:21]} 15. Qxe4
{[%clk 1:10:25]} Rb8 {[%clk 0:43:06]} 16. Ng5 {[%clk 1:09:10]} Bxg5
{[%clk 0:42:23]} 17. hxg5 {[%clk 1:05:01]} g6 {[%clk 0:41:50]} 18. O-O-O
{[%clk 1:03:51]} Qe7 {[%clk 0:37:38]} 19. Rh6 {[%clk 1:03:22]} e5
{[%clk 0:27:21]} 20. Be3 {[%clk 1:03:19]} Bf5 {[%clk 0:24:40]} 21. Qh4
{[%clk 0:59:40]} exd4 {[%clk 0:24:27]} 22. Rxd4 {[%clk 0:55:00]} c5
{[%clk 0:18:59]} 23. Rd1 {[%clk 0:53:13]} Rf7 {[%clk 0:18:32]} 24. g4
{[%clk 0:53:05]} Be6 {[%clk 0:18:42]} 25. Rh1 {[%clk 0:53:02]} Rg7
{[%clk 0:09:46]} 26. Bd2 {[%clk 0:53:00]} Bxc4 {[%clk 0:09:51]} 27. Bc3
{[%clk 0:52:44]} Qe4 {[%clk 0:06:18]} 28. Rxh7 {[%clk 0:52:04]} Rxh7
{[%clk 0:02:19]} 29. Qxh7+ {[%clk 0:52:23]} Kf8 {[%clk 0:02:38]} 30. Qg7+
{[%clk 0:52:33]} 1-0

[Event "World Chess Olympiad 2018"]
[Site "Batumi"]
[Date "2018.09.30"]
[Round "6"]
[Board "2"]
[WhiteFideId "2402076"]
[White "Dempsey John"]
[BlackFideId "16100352"]
[Black "Mohamud Hussein Ali"]
[Result "0-1"]
[LiveChessVersion "1.4.8"]
[BlackElo "1694"]
[WhiteElo "1888"]

1. d4 Nf6 2. Nf3 {[%clk 1:30:41]} d5 {[%clk 1:29:46]} 3. Bf4 {[%clk 1:30:37]} g6
{[%clk 1:27:50]} 4. Nbd2 {[%clk 1:29:53]} Bg7 {[%clk 1:27:51]} 5. e3
{[%clk 1:28:31]} Bg4 {[%clk 1:26:13]} 6. h3 {[%clk 1:26:55]} Bxf3
{[%clk 1:24:22]} 7. Qxf3 {[%clk 1:26:06]} Nbd7 {[%clk 1:24:03]} 8. c4
{[%clk 1:24:57]} c6 {[%clk 1:23:51]} 9. Bd3 {[%clk 1:24:56]} Qa5 {[%clk 1:18:58]}
10. Qe2 {[%clk 1:24:39]} dxc4 {[%clk 1:17:13]} 11. Bxc4 {[%clk 1:24:52]} Ne4
{[%clk 1:14:56]} 12. f3 {[%clk 1:24:13]} Nd6 {[%clk 1:12:05]} 13. Bxd6
{[%clk 1:22:23]} exd6 {[%clk 1:12:24]} 14. O-O {[%clk 1:22:34]} O-O
{[%clk 1:12:31]} 15. Nb3 {[%clk 1:22:45]} Qb6 {[%clk 1:12:29]} 16. Rfd1
{[%clk 1:21:40]} a5 {[%clk 1:12:31]} 17. Rac1 {[%clk 1:20:18]} Rfe8
{[%clk 1:10:40]} 18. Na1 {[%clk 1:16:33]} d5 {[%clk 1:08:13]} 19. Bb3
{[%clk 1:15:07]} a4 {[%clk 0:59:22]} 20. Bc2 {[%clk 1:14:11]} Bxd4
{[%clk 0:54:53]} 21. Rxd4 {[%clk 1:12:30]} Qxd4 {[%clk 0:55:12]} 22. exd4
{[%clk 1:12:53]} Rxe2 {[%clk 0:55:30]} 23. Kf1 {[%clk 1:12:29]} Rd2
{[%clk 0:55:00]} 24. Rd1 {[%clk 1:13:19]} Rxd1+ {[%clk 0:55:18]} 25. Bxd1
{[%clk 1:13:41]} Nb6 {[%clk 0:54:30]} 26. b3 {[%clk 1:13:35]} axb3
{[%clk 0:54:14]} 27. Bxb3 {[%clk 1:13:58]} Re8 {[%clk 0:54:19]} 28. Nc2
{[%clk 1:14:08]} Nc4 {[%clk 0:54:21]} 29. Kf2 {[%clk 1:13:55]} Nd2
{[%clk 0:54:22]} 30. Nb4 {[%clk 1:11:40]} Nxb3 {[%clk 0:54:09]} 31. axb3
{[%clk 1:12:01]} Ra8 {[%clk 0:54:16]} 32. Nd3 {[%clk 1:11:51]} Ra3
{[%clk 0:54:35]} 33. Nc1 {[%clk 1:11:52]} Ra1 {[%clk 0:54:08]} 34. Nd3
{[%clk 1:12:12]} Ra2+ {[%clk 0:54:11]} 35. Kg3 {[%clk 1:12:30]} Rd2
{[%clk 0:54:30]} 36. Nc5 {[%clk 1:12:46]} b5 {[%clk 0:53:34]} 37. Nd7
{[%clk 1:11:58]} Rxd4 {[%clk 0:53:07]} 38. Nb8 {[%clk 1:12:12]} c5
{[%clk 0:53:02]} 0-1